000 00861nam a2200241Ia 4500
003 OSt
005 20220923211036.0
006 a|||||r|||| 00| 0
007 ta
008 220922b |||||||| |||| 00| 0 pan d
020 _a8172011296 (hbk)
024 _a235,041
037 _cTextual
040 _aARTS
_cARTS
_bpan
041 _2pan
_apan
082 _aO168,3N14x, 153N1
100 _aਕ੍ਰਿFਨ ਚੰਦਰ; ਭਸੀਨ, ਰਜਿੰਦਰ ਕੌਰ, ੳਗ.
_9157495
245 0 _aਕ੍ਰਿFਨ ਚੰਦਰ
_b ਚੋਣਵੀਆਂ ਕਹਾਣੀਆਂ
260 _aਦਿੱਲੀ
_b ਸਾਹਿਤ ਅਕਾਦੇਮੀ
_c1991
300 _a339ਪੰ
_ccm.
942 _hO168,3N14x, 153N1
_cTEXL
_2CC
999 _c294390
_d294390